<?xml version="1.0" encoding="UTF-8"?>
<record
    xmlns:xsi="http://www.w3.org/2001/XMLSchema-instance"
    xsi:schemaLocation="http://www.loc.gov/MARC21/slim http://www.loc.gov/standards/marcxml/schema/MARC21slim.xsd"
    xmlns="http://www.loc.gov/MARC21/slim">

  <leader>00789nam a2200217 a 4500</leader>
  <controlfield tag="003">0</controlfield>
  <controlfield tag="005">20250227081752.0</controlfield>
  <controlfield tag="008">100819s19uu    xx            00    eng d</controlfield>
  <datafield tag="050" ind1=" " ind2=" ">
    <subfield code="a">PGS LB 1050.455</subfield>
    <subfield code="b">.N163 2010</subfield>
  </datafield>
  <datafield tag="100" ind1=" " ind2=" ">
    <subfield code="a">Nakano, Shotaro.</subfield>
  </datafield>
  <datafield tag="245" ind1=" " ind2=" ">
    <subfield code="a">Manga reading and student achievement /</subfield>
    <subfield code="c">Shotaro Nakano.</subfield>
  </datafield>
  <datafield tag="260" ind1=" " ind2=" ">
    <subfield code="a">Las Pi&#xF1;as City, Philippines :  </subfield>
    <subfield code="b">Southville International School and Colleges,	</subfield>
    <subfield code="c">2010.</subfield>
  </datafield>
  <datafield tag="300" ind1=" " ind2=" ">
    <subfield code="a">23 pages  :</subfield>
    <subfield code="b">illustrations ;</subfield>
    <subfield code="c">28 cm.</subfield>
  </datafield>
  <datafield tag="504" ind1=" " ind2=" ">
    <subfield code="a">Includes bibliographical references.</subfield>
  </datafield>
  <datafield tag="650" ind1=" " ind2=" ">
    <subfield code="a">Manga</subfield>
    <subfield code="v">Influence on students.</subfield>
  </datafield>
  <datafield tag="650" ind1=" " ind2=" ">
    <subfield code="a">Reading interests</subfield>
    <subfield code="v">Adolescents.</subfield>
  </datafield>
  <datafield tag="650" ind1=" " ind2=" ">
    <subfield code="a">Reading comprehension</subfield>
    <subfield code="v">Effects on academic achievement.</subfield>
  </datafield>
  <datafield tag="650" ind1=" " ind2=" ">
    <subfield code="a">Comics and education.</subfield>
  </datafield>
  <datafield tag="650" ind1=" " ind2=" ">
    <subfield code="a">Students</subfield>
    <subfield code="v">Academic achievement.</subfield>
  </datafield>
  <datafield tag="942" ind1=" " ind2=" ">
    <subfield code="2">lcc</subfield>
    <subfield code="c">PASS</subfield>
  </datafield>
  <datafield tag="999" ind1=" " ind2=" ">
    <subfield code="c">98400</subfield>
    <subfield code="d">98400</subfield>
  </datafield>
  <datafield tag="952" ind1=" " ind2=" ">
    <subfield code="0">0</subfield>
    <subfield code="1">0</subfield>
    <subfield code="2">lcc</subfield>
    <subfield code="4">0</subfield>
    <subfield code="a">LUX</subfield>
    <subfield code="b">LUX</subfield>
    <subfield code="c">PASS</subfield>
    <subfield code="d">2010-08-19</subfield>
    <subfield code="e">DONATION</subfield>
    <subfield code="l">0</subfield>
    <subfield code="o">PGS LB 1050.455 .N163 2010</subfield>
    <subfield code="p">P2499</subfield>
    <subfield code="r">2014-04-08 00:00:00</subfield>
    <subfield code="w">2014-04-08</subfield>
    <subfield code="y">PASS</subfield>
  </datafield>
</record>
